Efeect of different hill spacing on yield of rice variety senpidour inanlogvil commune, sanker district, battambang province, ឥទ្ធិពលចន្លោះគុម្ពផ្សេងៗគ្នា ទៅលើទិន្នផលពូជស្រូវសែនពិដោរនៅឃុំអន្លង់វិល ស្រុកសង្កែ ខេត្តបាត់ដំបង. (Record no. 1412)

000 -LEADER
fixed length control field 00777nam a22001577a 4500
003 - CONTROL NUMBER IDENTIFIER
control field OSt
005 - DATE AND TIME OF LATEST TRANSACTION
control field 20150928160658.0
008 - FIXED-LENGTH DATA ELEMENTS--GENERAL INFORMATION
fixed length control field 150928b xxu||||| |||| 00| 0 eng d
040 ## - CATALOGING SOURCE
Transcribing agency RUA
082 ## - DEWEY DECIMAL CLASSIFICATION NUMBER
Classification number AGR.BB PHO 2010 B060 Or.1
100 ## - MAIN ENTRY--PERSONAL NAME
9 (RLIN) 1502
Personal name PHONG, SOPHEA.
245 ## - TITLE STATEMENT
Title Efeect of different hill spacing on yield of rice variety senpidour inanlogvil commune, sanker district, battambang province, ឥទ្ធិពលចន្លោះគុម្ពផ្សេងៗគ្នា ទៅលើទិន្នផលពូជស្រូវសែនពិដោរនៅឃុំអន្លង់វិល ស្រុកសង្កែ ខេត្តបាត់ដំបង.
260 ## - PUBLICATION, DISTRIBUTION, ETC. (IMPRINT)
Place of publication, distribution, etc. phnom phen
Name of publisher, distributor, etc. RUA
Date of publication, distribution, etc. 20-10
300 ## - PHYSICAL DESCRIPTION
Extent IX, 59p.
Other physical details ill.
Dimensions 29cm.
942 ## - ADDED ENTRY ELEMENTS (KOHA)
Source of classification or shelving scheme
Koha item type AGR.bb
Holdings
Price effective from Date last seen Permanent Location Not for loan Date acquired Source of classification or shelving scheme Koha item type Lost status Withdrawn status Total Renewals Date last checked out Total Checkouts Shelving location Damaged status Barcode Current Location Full call number
2015-09-282015-09-28Library Block B 2015-09-28 AGR.bb     B060 RUA009827Library Block BAGR.BB PHO 2010 B060 Or.1
2015-09-282015-09-28Library Block B 2015-09-28 AGR.bb     B060 RUA004123Library Block BAGR.BB PHO 2010 B060 Or.2
2015-09-282015-09-28Library Block B 2015-09-28 AGR.bb     B060 RUA004410Library Block BAGR.BB PHO 2010 B060 Or.3
2015-09-282016-12-24Library Block B 2015-09-28 AGR.bb  22016-10-143B060 RUA004338Library Block BAGR.BB PHO 2010 B060 Or.4
2015-09-282015-09-28Library Block B 2015-09-28 AGR.bb     B060 RUA004194Library Block BAGR.BB PHO 2010 B060 Or.5
2015-09-282015-09-28Library Block B 2015-09-28 AGR.bb     B060 RUA004122Library Block BAGR.BB PHO 2010 B060 Or.6
2015-09-282015-09-28Library Block B 2015-09-28 AGR.bb     B060 RUA004265Library Block BAGR.BB PHO 2010 B060 Or.7
2016-08-232017-01-31Library Block B 2016-08-23 AGR.bb   2017-01-191  RUA009899Library Block BAGR.BB PHO 2010 B060 Or.8
មជ្ឈមណ្ឌលឯការនៃសាកលវិទ្យាល័យភូមិន្ទកសិកម្មចំការដូង

Powered by Koha